Introductory statistics for business and economics /

Guardado en:
Autor Principal: Wonnacott, Thomas H., 1935-
Otros Autores: Wonnacott, Ronald J.
Formato: Libro
Idioma:English
Publicado: New York : Wiley, c1972.
Materias:
Etiquetas: Agregar Etiqueta
Sin Etiquetas, Sea el primero en etiquetar este registro!
LEADER 00617nam a2200193 a 4500
001 MAT.inmabb004583
008 720614s1972####nyua##########001#0#eng##
005 20160602155323.0
245 1 0 |a Introductory statistics for business and economics /  |c Thomas H. Wonnacott, Ronald J. Wonnacott. 
260 |a New York :  |b Wiley,  |c c1972. 
300 |a xviii, 622 p. :  |b il. ;  |c 24 cm. 
020 |a 0471959723 
100 1 |a Wonnacott, Thomas H.,  |d 1935- 
700 1 |a Wonnacott, Ronald J. 
650 0 |a Statistics. 
084 |a 62-01  |2 msc2000 
010 |a  74037785  
040 |a DLC  |c DLC  |d DLC 
859 |h 62  |i W872i  |p A-4237  |b BIB. MATEMATICA